Renta y patrimonio : leyes y reglamento leyes y reglamento
ISBN:
84-7016-691-3
Descripción Física:
106 p. ; 24 cm
MARC
| LEADER | 00000nam a2200000Ia 4500 | ||
|---|---|---|---|
| 001 | 14399 | ||
| 008 | 160829s1992 xx 000 0 cat d | ||
| 020 | |a 84-7016-691-3 | ||
| 080 | |a D-3-8 | ||
| 100 | |a Espanya. Lleis, etc. |9 23269 | ||
| 245 | |a Renta y patrimonio : |b leyes y reglamento | ||
| 260 | |a Pamplona : |b Aranzadi, |c 1992 | ||
| 300 | |a 106 p. ; |c 24 cm | ||
| 650 | |a Impostos sobre la renda |x Dret i legislació |x Espanya |9 24739 | ||
| 650 | |a Impostos sobre el patrimoni |x Dret i legislació |x Espanya |9 24740 | ||
| 901 | |a Arxiu | ||
| 942 | |n 1 | ||
| 952 | |0 1 |1 0 |2 udc |4 0 |5 2 |6 D38 |7 1 |9 43296 |a Arxiu |b Arxiu |d 2016-12-01 |l 0 |o D-3-8 |p 14399 |r 2016-12-01 00:00:00 |w 2016-12-01 |y ARXIU | ||
| 999 | |c 45841 |d 45841 | ||